000 00403nam a2200145Ia 4500
008 210210b1984 xxu||||| |||| 00| 0 eng d
082 _a796.48 COEO
100 _aCOE (Sebastian).
245 _aOlympians: a quest for gold triumphs heroes & legends.
260 _aLondon
_bPavilion Books Ltd.,
_c1984
300 _a167
650 _aOlympians
690 _aAthletic & Outdoor Sport
906 _a03849
999 _c88682
_d88682